| 000 | 00634cam a2200217 a 4500 | ||
|---|---|---|---|
| 001 | 649365 | ||
| 005 | 20240208022311.0 | ||
| 008 | 931112s1993 ii b 001 0 eng | ||
| 020 | _a0195628357 : | ||
| 040 |
_aDLC _cDLC _dDLC |
||
| 082 | 0 | 0 |
_a306.8 _221 _bFAM. |
| 245 | 0 | 0 |
_aFamily, kinship, and marriage in India / _cedited by Patricia Uberoi. |
| 260 |
_aDelhi ; _aNew York : _bOxford University Press, _c1993. |
||
| 300 | _ax, 502 p. : | ||
| 650 | 0 | _aFamilies | |
| 650 | 0 | _aMarriage | |
| 650 | 0 | _aKinship | |
| 700 | 1 |
_aUberoi, Patricia. _eedt |
|
| 856 | 4 | 2 | _uhttp://www.loc.gov/catdir/enhancements/fy0638/93906668-d.html |
| 942 | _cL | ||
| 999 |
_c332 _d332 |
||